Science Quiz

Random Science or Numbers Quiz

Factors of 120 Quiz Stats

 Plays Quiz Updated Jun 6, 2018

Also try: Factors of 1200
Challenge
Share
Tweet
Embed
Score 0/16 Timer 00:30
6 Plays Today
% Correct
???
95.5%
???
92.5%
???
88%
???
85.5%
???
84.1%
???
83.9%
???
81.3%
???
77.1%
% Correct
???
72.8%
???
71.2%
???
70.6%
???
70.3%
???
69.6%
???
54.2%
???
46.1%
???
38.3%

You're not logged in!

Compare scores with friends on all Sporcle quizzes.
OR
Log In

You Might Also Like...

Show Comments

Extras

Top Quizzes Today


Score Distribution

Your Account Isn't Verified!

In order to create a playlist on Sporcle, you need to verify the email address you used during registration. Go to your Sporcle Settings to finish the process.

Report this User

Report this user for behavior that violates our Community Guidelines.

Details: